<La> traduction des gérondifs du français en slovaque dans les textes littéraires bakalárska práca

Salvato in:
Dettagli Bibliografici
Autore principale: Langošová, Jana
Ente Autore: Fakulta aplikovaných jazykov EU v Bratislave. Katedra románskych a slovanských jazykov
Altri autori: Keresty, Ján, 1980-
Natura: Libro
Lingua:francese
Pubblicazione: Bratislava 2016
Tags: Aggiungi Tag
Nessun Tag, puoi essere il primo ad aggiungerne!!

MARC

LEADER 00000nbm a2200000 4500
001 0217473
005 20170130100047.6
041 0 |a fre 
044 |a SK 
245 1 0 |a <La> traduction des gérondifs du français en slovaque dans les textes littéraires  |b bakalárska práca  |c Jana Langošová ; školiteľ: Ján Keresty 
264 1 |a Bratislava  |c 2016 
300 |a 43 s. 
100 1 |a Langošová, Jana 
700 1 |a Keresty, Ján, 1980- 
710 2 |a Fakulta aplikovaných jazykov EU v Bratislave. Katedra románskych a slovanských jazykov